Thriving on Talent: (Record no. 370824)

MARC details
000 -LEADER
fixed length control field 00510nam a22001937a 4500
005 - DATE AND TIME OF LATEST TRANSACTION
control field 20260330165421.0
008 - FIXED-LENGTH DATA ELEMENTS--GENERAL INFORMATION
fixed length control field 260330b |||||||| |||| 00| 0 eng d
020 ## - INTERNATIONAL STANDARD BOOK NUMBER
International Standard Book Number 9788126939404
041 ## - LANGUAGE CODE
Language code of text/sound track or separate title ENG
082 ## - DEWEY DECIMAL CLASSIFICATION NUMBER
Classification number 658.312 44
Item number SOU B22773
100 ## - MAIN ENTRY--PERSONAL NAME
Author Soundararajan R
245 ## - TITLE STATEMENT
Title Thriving on Talent:
Remainder of title Elevate Your HR Strategy
Statement of responsibility, etc. 1st Ed.
250 ## - EDITION STATEMENT
Edition statement 1st Ed.
260 ## - PUBLICATION, DISTRIBUTION, ETC.
Place of publication, distribution, etc. New Delhi
Name of publisher, distributor, etc. Atlantic
Date of publication, distribution, etc. 2025
300 ## - PHYSICAL DESCRIPTION
Extent 284p
500 ## - GENERAL NOTE
Keywords Strategic HRM
700 ## - ADDED ENTRY--PERSONAL NAME
Personal name Baishya S
942 ## - ADDED ENTRY ELEMENTS (KOHA)
Koha item type Books
Holdings
Withdrawn status Lost status Source of classification or shelving scheme Damaged status Not for loan Home library Current library Date acquired Vendor Net Price Bill number Total Checkouts Full call number Barcode Date last seen Actual Price Bill Date Koha item type Original Barcode
    Dewey Decimal Classification     Smt. Hiraben Nanavati Institute of Management & Research for Women Smt. Hiraben Nanavati Institute of Management & Research for Women 29/01/2026 The Forward Books 1295.00 25295   658.312 44 SOU B22773 HIMR-BK-22773 30/03/2026 945.35 24/01/2026 Books B22773